000 00939nas a2200289 4500
001 BR8601330
003 BR-BrBNA
005 20231205090356.0
007 ta
008 230509b bl.|||p| |||| 00| 00por d
040 _aBR-BrBNA
_bpor
_cBiblioteca Nacional de Agricultura
041 _a(Pt)
072 _aE70
100 1 _aJentzsch, M. da G.N.
100 1 _aTeixeira, T.D.
100 1 _aRocha, D.S.
100 1 _aAad Neto, A.
245 1 _aAnalise da eficiencia economica de cooperativas de leite em regiao selecionada do estado de Minas Gerais
246 1 _aEconomic efficiency analysis of milk cooperatives in a selected region of the state of Minas Gerais
650 _aLEITE
650 _aCOMERCIALIZACAO
650 _aCOOPERATIVA
650 _aMINAS GERAIS
773 0 _tCaatinga (Brazil)
_xISSN 0100-316X
_g(1984), v. 4(1-2) p. 49-57
_wBR8601330
909 _a202311
_bLúcia
_c55
_dLúcia Elande
942 _2AGRIS
_n0
_cANA
999 _c117988
_d117988